[Event "HUN Team League Ch. Csongrad Region"]
[Site "Csongrád County"]
[Date "2016.02.21"]
[Round "6.4"]
[White "Bodo, Imre"]
[Black "Sipos, Kalman"]
[Result "1/2-1/2"]
[WhiteElo "1768"]
[BlackElo "1810"]
[PlyCount "98"]
[EventDate "2015.09.20"]

1. d4 Nf6 2. c4 g6 3. Nc3 d5 4. Nf3 Bg7 5. Bf4 c6 6. cxd5 Nxd5 7. Bg3 O-O 8. e3
Nd7 9. Bd3 N7f6 10. h3 Qa5 11. Qd2 Nb4 12. Bb1 Nbd5 13. O-O Nxc3 14. bxc3 Qh5
15. Bd3 Bxh3 16. Rab1 b6 17. Ne5 Bd7 18. Qc2 Rfc8 19. e4 Be6 20. Ba6 Qg5 21.
Bxc8 Rxc8 22. Rb2 h5 23. Re1 h4 24. Nf3 Qh5 25. Nxh4 Kh7 26. Qa4 Qg4 27. Nf3
Nxe4 28. Bh2 Nxc3 29. Qxa7 Bd5 30. Kf1 Bxd4 31. Qxe7 b5 32. Rd2 Bg7 33. Qh4+
Qxh4 34. Nxh4 Nxa2 35. Red1 Nc3 36. Re1 Ne4 37. Rc2 Ra8 38. Nf3 Bf6 39. Be5 Kg7
40. Bxf6+ Kxf6 41. Nd4 Ra6 42. f3 Ng3+ 43. Kf2 Nf5 44. Ne2 Ra3 45. Nc3 Bc4 46.
Ne4+ Kg7 47. Rd2 Bd5 48. Nc5 Rc3 49. Nd7 Be6 1/2-1/2

[Event "HUN Team League Ch. Csongrad Region"]
[Site "Csongrád County"]
[Date "2016.02.21"]
[Round "6.4"]
[White "Abraham, Lajos"]
[Black "Pluhar, Andras"]
[Result "0-1"]
[WhiteElo "1776"]
[BlackElo "1746"]
[PlyCount "56"]
[EventDate "2015.09.20"]

1. e4 e5 2. Nf3 Nc6 3. Bb5 a6 4. Ba4 Nf6 5. O-O Be7 6. Re1 b5 7. Bb3 O-O 8. c3
d5 9. exd5 Nxd5 10. Nxe5 Nxe5 11. Rxe5 c6 12. Bxd5 cxd5 13. Qf3 Bd6 14. Re2 Qh4
15. g3 Qh3 16. Qg2 Qh5 17. f3 Bh3 18. Qf2 Rae8 19. d4 f5 20. Rxe8 Rxe8 21. Bd2
f4 22. g4 Bxg4 23. fxg4 Qxg4+ 24. Qg2 Qh5 25. h3 Re6 26. Kh1 Rg6 27. Qf1 Rg3
28. Bxf4 Bxf4 0-1

[Event "HUN Team League Ch. Csongrad Region"]
[Site "Csongrád County"]
[Date "2016.02.21"]
[Round "6.4"]
[White "Koszta, Benedek"]
[Black "Bartos, Ferenc"]
[Result "1-0"]
[WhiteElo "1635"]
[BlackElo "1811"]
[PlyCount "87"]
[EventDate "2015.09.20"]

1. e4 e5 2. Nc3 Nf6 3. Bc4 Bc5 4. d3 O-O 5. Na4 Bb4+ 6. Bd2 Be7 7. Nc3 a6 8.
Nf3 Nc6 9. O-O Bc5 10. Bb3 d6 11. Bg5 h6 12. Bh4 Bg4 13. h3 Bh5 14. g4 Bg6 15.
Nd5 Na5 16. Nxf6+ gxf6 17. Nd2 Kg7 18. Kh1 Nc6 19. f4 Be3 20. fxe5 Qd7 21.
exf6+ Kh7 22. Qe2 Ba7 23. Qf3 Nd4 24. Qg2 Rg8 25. Nf3 Nxf3 26. Qxf3 c6 27. Be1
Rae8 28. Bd2 Kh8 29. Bxh6 Bd4 30. Qg3 d5 31. Qh4 Bh7 32. Rf5 Rg6 33. Bg7+ Rxg7
34. fxg7+ Kxg7 35. Qg5+ Bg6 36. Raf1 Re7 37. e5 Qe6 38. Re1 Kh7 39. Rf6 Qd7 40.
Qh4+ Kg7 41. Qg5 Kh7 42. h4 Qc7 43. h5 Bxh5 44. Rh6# 1-0

[Event "HUN Team League Ch. Csongrad Region"]
[Site "Csongrád County"]
[Date "2016.02.21"]
[Round "6.4"]
[White "Fodor, Gabor"]
[Black "Vajna, Zsolt"]
[Result "1-0"]
[WhiteElo "1565"]
[BlackElo "1321"]
[PlyCount "75"]
[EventDate "2015.09.20"]

1. e4 c5 2. Nf3 Nc6 3. d4 cxd4 4. Nxd4 Qc7 5. g3 b6 6. Bg2 Bb7 7. c3 Nf6 8. O-O
e6 9. Nd2 Be7 10. Re1 d6 11. a4 O-O 12. Nf1 e5 13. Nf5 Rad8 14. N1e3 g6 15.
Nxe7+ Nxe7 16. Ng4 Nh5 17. Bh6 Ng7 18. Qd2 f5 19. Bxg7 Kxg7 20. exf5 Nxf5 21.
Bxb7 Qxb7 22. Ne3 d5 23. Nxf5+ Rxf5 24. g4 Rf4 25. h3 Rdf8 26. Rxe5 Rxf2 27.
Qd4 R2f4 28. Re7+ Kh6 29. Qg7+ Kg5 30. Rxb7 Kh4 31. Qxh7+ Kg3 32. Rd1 Rf3 33.
Qxg6 R8f6 34. Qh5 Rf8 35. g5 R3f4 36. g6 Rh4 37. Qg5+ Kxh3 38. Qg2# 1-0

[Event "HUN Team League Ch. Csongrad Region"]
[Site "Csongrád County"]
[Date "2016.02.21"]
[Round "6.5"]
[White "Nagy, Zoltan"]
[Black "Toth, Peter"]
[Result "0-1"]
[WhiteElo "1692"]
[BlackElo "1974"]
[PlyCount "106"]
[EventDate "2015.09.20"]

1. e4 c5 2. Nf3 d6 3. Nc3 Nc6 4. Bb5 a6 5. Bxc6+ bxc6 6. h3 g6 7. O-O Bg7 8. d3
Nf6 9. Bg5 O-O 10. Qd2 Re8 11. Rfe1 Rb8 12. Rab1 Qa5 13. b3 Be6 14. Na4 Qxd2
15. Bxd2 Nd7 16. c4 Ne5 17. Nxe5 Bxe5 18. Bc3 Bxc3 19. Nxc3 a5 20. Na4 Kg7 21.
e5 Bf5 22. Rbd1 h5 23. f3 h4 24. Kf2 f6 25. d4 cxd4 26. exf6+ Kxf6 27. Rxd4 g5
28. Nc3 Rbd8 29. Ne4+ Kg6 30. Nc3 e6 31. Red1 d5 32. cxd5 exd5 33. Ra4 Ra8 34.
Rd2 Kf6 35. Ne2 Reb8 36. Rad4 Rb4 37. Nc3 Rab8 38. Rxb4 axb4 39. Na4 Ke5 40.
Nc5 Rd8 41. Na4 Kd6 42. Ke3 Re8+ 43. Kf2 Re7 44. Nb2 Rb7 45. Na4 c5 46. Nb2 Ra7
47. Nc4+ Kc6 48. Ne5+ Kd6 49. Nc4+ Ke6 50. Re2+ Kf6 51. Nd2 Bd3 52. Re1 Rxa2
53. Ke3 c4 0-1

[Event "HUN Team League Ch. Csongrad Region"]
[Site "Csongrád County"]
[Date "2016.02.21"]
[Round "6.5"]
[White "Szabo, Zoltan"]
[Black "Papp, Zoltan"]
[Result "1-0"]
[WhiteElo "1817"]
[BlackElo "1862"]
[PlyCount "57"]
[EventDate "2015.09.20"]

1. e4 d5 2. exd5 Qxd5 3. Nc3 Qa5 4. d4 Nf6 5. Be2 Bf5 6. Nf3 e6 7. O-O Bd6 8.
Bd2 c6 9. Ne4 Qc7 10. Nxd6+ Qxd6 11. a3 Nbd7 12. Bb4 Qc7 13. c4 a5 14. Bc3 O-O
15. b4 axb4 16. axb4 Ne4 17. Bb2 h6 18. Nd2 Ndf6 19. Bf3 Rfd8 20. Rxa8 Rxa8 21.
Nxe4 Nxe4 22. Re1 Ng5 23. d5 cxd5 24. cxd5 exd5 25. Qxd5 Nxf3+ 26. Qxf3 Bg6 27.
Qg4 h5 28. Qd4 f6 29. Qd5+ 1-0

[Event "HUN Team League Ch. Csongrad Region"]
[Site "Csongrád County"]
[Date "2016.02.21"]
[Round "6.5"]
[White "Heintz, Sebestyen"]
[Black "Oravecz, Matyas"]
[Result "0-1"]
[WhiteElo "1741"]
[BlackElo "1714"]
[PlyCount "56"]
[EventDate "2015.09.20"]

1. e4 e5 2. Nf3 Nc6 3. Bc4 Bc5 4. O-O d6 5. c3 Bg4 6. b4 Bb6 7. a4 a6 8. d3 h6
9. Nbd2 Nge7 10. Qb3 O-O 11. Nh4 Qd7 12. Bb2 Be6 13. Bxe6 Qxe6 14. Nc4 f5 15.
Rfe1 Rf6 16. b5 axb5 17. Qxb5 Ra6 18. Bc1 f4 19. Bd2 Qg4 20. Nf3 Rg6 21. Nh4
Qxh4 22. Qb3 Kh8 23. Nxb6 Rxb6 24. Qf7 Qg4 25. g3 Rf6 26. Qe8+ Kh7 27. Kg2 Ng6
28. Kh1 Rf8 0-1

[Event "HUN Team League Ch. Csongrad Region"]
[Site "Csongrád County"]
[Date "2016.02.21"]
[Round "6.5"]
[White "Imreh, Csanad"]
[Black "Kohalmi, Laszlo"]
[Result "1-0"]
[WhiteElo "1685"]
[BlackElo "1585"]
[PlyCount "103"]
[EventDate "2015.09.20"]

1. d4 Nf6 2. c4 g6 3. Nf3 d5 4. e3 Bg7 5. Nc3 c6 6. Bd2 O-O 7. cxd5 cxd5 8. Be2
Nc6 9. O-O Bf5 10. a3 Ne4 11. Nh4 Nxc3 12. bxc3 Qd7 13. c4 e5 14. Nxf5 gxf5 15.
cxd5 Qxd5 16. dxe5 Nxe5 17. Bb4 Rfd8 18. Qxd5 Rxd5 19. Rad1 Rad8 20. h3 Ng6 21.
Rxd5 Rxd5 22. Bf3 Rd7 23. Rd1 Rxd1+ 24. Bxd1 Bf8 25. Bc2 Bxb4 26. axb4 Kf8 27.
Bxf5 Ke7 28. Be4 b6 29. Kf1 Kd6 30. Ke2 Ke5 31. Bd3 h6 32. g3 f5 33. f4+ Kf6
34. Kf3 a5 35. bxa5 bxa5 36. e4 a4 37. Bc4 a3 38. exf5 Kxf5 39. g4+ Kf6 40. Kg3
Ne7 41. h4 Nc6 42. g5+ hxg5 43. hxg5+ Kg6 44. Kg4 Nd4 45. Ba2 Nc6 46. f5+ Kg7
47. Kh5 Ne5 48. f6+ Kh7 49. Bb1+ Kg8 50. g6 Nd7 51. Ba2+ Kh8 52. Kh6 1-0

[Event "HUN Team League Ch. Csongrad Region"]
[Site "Csongrád County"]
[Date "2016.02.21"]
[Round "6.5"]
[White "Gabor, Geza"]
[Black "Filep, Miklos Jr"]
[Result "0-1"]
[WhiteElo "1687"]
[BlackElo "1741"]
[PlyCount "100"]
[EventDate "2015.09.20"]

1. e4 c5 2. Nf3 Nc6 3. d4 cxd4 4. Nxd4 Nf6 5. Nc3 Qb6 6. Nb3 a6 7. Be3 Qc7 8.
f4 e5 9. f5 Bb4 10. Bd3 Bxc3+ 11. bxc3 O-O 12. O-O d5 13. Qf3 Ne7 14. Bg5 dxe4
15. Bxe4 Nxe4 16. Qxe4 Bxf5 17. Rxf5 Nxf5 18. Qxf5 Qxc3 19. Rf1 f6 20. Bd2 Qc4
21. Rf3 Rad8 22. h3 g6 23. Rg3 Kf7 24. Qf3 Rd7 25. Qc3 Qxc3 26. Rxc3 Rfd8 27.
Be3 f5 28. g3 Rd5 29. Rc7+ R8d7 30. Rxd7+ Rxd7 31. Kf2 Rc7 32. Na1 Rc3 33. h4
Ra3 34. Bd2 b5 35. Bb4 Rxa2 36. Bc3 Ke6 37. Ke2 b4 38. Kd3 bxc3 39. Nb3 f4 40.
gxf4 exf4 41. Nd4+ Ke5 42. Ne2 f3 43. Ng3 Kf4 44. Nf1 Ra1 45. Ne3 f2 46. h5
Rd1+ 47. Ke2 Re1+ 48. Kxf2 Rxe3 49. hxg6 hxg6 50. Kf1 Kg3 0-1

[Event "HUN Team League Ch. Csongrad Region"]
[Site "Csongrád County"]
[Date "2016.02.21"]
[Round "6.5"]
[White "Molnar, Jeno"]
[Black "Magony, Milan"]
[Result "1-0"]
[WhiteElo "1690"]
[BlackElo "1282"]
[PlyCount "59"]
[EventDate "2015.09.20"]

1. e4 e6 2. d4 d5 3. Nc3 Bb4 4. e5 c5 5. a3 Qa5 6. Bd2 Bxc3 7. Bxc3 Qc7 8. dxc5
Qxc5 9. Nf3 a6 10. Bb4 Qc7 11. Bd3 Nc6 12. Bd6 Qd7 13. O-O f6 14. c4 fxe5 15.
Bxe5 Nxe5 16. Nxe5 Qc7 17. Qh5+ Kf8 18. cxd5 Nh6 19. Rac1 Qd8 20. Bc4 Qb6 21.
Rfd1 exd5 22. Bxd5 Be6 23. Bxe6 Qxe6 24. Nd7+ Kg8 25. Nc5 Qb6 26. Re1 Qb5 27.
a4 Qc6 28. Re6 Qc8 29. Rce1 Kf8 30. Re7 1-0

[Event "HUN Team League Ch. Csongrad Region"]
[Site "Csongrád County"]
[Date "2016.02.21"]
[Round "6.5"]
[White "Nagy, Gyula"]
[Black "Jurasits, Miklos"]
[Result "0-1"]
[WhiteElo "1570"]
[BlackElo "1668"]
[PlyCount "90"]
[EventDate "2015.09.20"]

1. e3 d5 2. d4 g6 3. c4 Bg7 4. Nc3 Nf6 5. h3 O-O 6. Nf3 Bf5 7. Bd2 Nc6 8. Qa4
a6 9. a3 Re8 10. Rg1 e5 11. Nxe5 Nxe5 12. dxe5 Rxe5 13. g4 Be4 14. O-O-O Bf3
15. Be2 Bxe2 16. Nxe2 Ne4 17. f4 Re8 18. Qb3 Nc5 19. Qc2 d4 20. Nxd4 Bxd4 21.
exd4 Qxd4 22. Kb1 Re2 23. f5 Rae8 24. fxg6 hxg6 25. h4 Ne4 26. Rge1 Nxd2+ 27.
Ka2 Qxc4+ 28. Qxc4 Nxc4 29. Rxe2 Rxe2 30. Kb3 Nd6 31. Rd4 b5 32. Kc3 Kg7 33. b3
a5 34. h5 gxh5 35. gxh5 Re5 36. Rg4+ Kh6 37. Rg8 Kxh5 38. Kd4 Rg5 39. Rh8+ Kg4
40. Rh1 f5 41. Ke3 f4+ 42. Ke2 Re5+ 43. Kf1 Ne4 44. Rg1+ Ng3+ 45. Kg2 Re2# 0-1